| 000 | 00594nam a22001937a 4500 | ||
|---|---|---|---|
| 999 |
_c8085 _d8085 |
||
| 003 | AR-CdUCM | ||
| 008 | 190322b ||||| |||| 00| 0 spa d | ||
| 040 |
_aMUNICIPALIDAD PROVINCIAL DEL CUSCO _cBIBLIOTECA MUNICIPAL DEL CUSCO |
||
| 082 |
_a922 / _bB75 |
||
| 100 |
_aBosco, Teresio _922839 |
||
| 245 |
_aDon Bosco una biografía nueva : _bedición para las jovenes / |
||
| 260 |
_aLima : _bSalesiana, _c1986. |
||
| 300 |
_a244 páginas ; _bilustraciones ; _c20 cm. |
||
| 650 |
_aBiografias _9148 |
||
| 650 |
_aDon Bosco _922840 |
||
| 650 |
_aHistoria _9136 |
||
| 942 |
_2ddc _cLIBROS |
||
| 945 | _azta | ||